000 00298nam a22001337a 4500
008 170613b xxu||||| |||| 00| 0 eng d
020 _a9780691023083
041 _aeng
080 _a32
100 _a19
101 _aSHP
245 _aTURBULENCE IN WORLD POLITICS
_cROSENAU,J.N
942 _2udc
_cBK
999 _c17233
_d17233